=LDR 00000nam 2200000 4500 =001 INLIS000000000038913 =005 20130612144554 =008 ***********************************ind** =035 ##$$0010-061300000038913 =041 ##$$a ind =082 ##$$a 371.1 =090 ##$$a 371.1, Yon b =100 ##$$a YONNY,Acep =245 ##$$a Begini cra menjadi guru inspiratif dan disenangi siswa/Acep Yonny, Sri rahayu yunus =260 ##$$a 2011 $b Yogyakarta =300 ##$$a 160 Hlm, Ilus, 20 Cm =650 ##$$a GURU =700 ##$$a YUNUS, Sri Rahayu =850 ##$$a NBPNMAT